00421 2200157 4500001002100000008004100021035002000062245006500082100002100147260002900168300001200197084001600209082000800225650001200233990001800245INLIS000000000000490 ind  a0010-0724000490 a45 Dongeng Sebelum Tidur Untuk Anak MuslimcMB. Rahimsyah Ar aMB. Rahimsyah Ar bBintang Usaha Jayac2013 a112 hlm a398.2 RAH f a398 aFolklor aP29/CP/24/490